Le Silmarillion - Alphabet - Statistiques

Statistiques générales
  • Ce quiz a été pris 231 fois
  • Le résultat moyen est 12 sur 22
Statistiques - réponses
Hint Réponse % Correct
F - A crée les Silmarils Fëanor
94%
M - Premier nom de l'Ainur Morgoth Melkor
88%
B - Région ou se déroulèrent les évènements du Premier Âge Beleriand
86%
N - Ile en forme d'étoile Númenor
86%
I - Nom des Mages Istari
84%
G - Cité secrète du roi Turgon Gondolin
79%
L - Fille de Thingol et Melian Lúthien
78%
Y - Elle créa les plantes au début des temps d'Arda Yavanna
68%
D - Royaume composé des forêts de Neldoreth Doriath
62%
Q - Ancien langage des Elfes Quenya
61%
E - Semi-Elfe qui atteignit les Terres Immortelles Eärendil
60%
H - Grand chien de meute de Valinor Huan
55%
V - Peuple d'Elfes aux cheveux dorés Vanyar
47%
U - A aidé Morgoth à s'emparer des Silmarils Ungolianth
45%
O - Un des deux chefs des légions du Teleri Olwë
43%
S - Grand fleuve du Beleriand Sirion
42%
A - Elfes qui refusèrent de faire le grand voyage Avari
37%
T - Massif de volcans protégeant Angband Thangorodrim
35%
K - Nom des nains (dans leur propre langue) Khazâd
30%
C - Nom des Elfes qui virent la lumière des deux arbres Calaquendi
25%
P - Expression qui désigne Morgoth et Sauron Prince noir
8%
R - Un des noms qui désigne Elwë Robe grise
2%
Aucun quiz correspondant
Distribution des résultats
% des personnes avec chaque résultat
Percentile par nombre de réponses
Votre historique - résultats
Vous n’avez pas pris ce quiz